00402nam a2200133Ia 4500008004000000020001800040082001300058100001900071245006400090250000500154260005100159300001700210650004100227210210b2002 xxu||||| |||| 00| 0 eng d a0 534 26425 5 a150 COOE aCOON (Dennis). aEssentials of psychology exploration and application. Ed 8. a aAustralia.bWadsworth Thomson Learning.,c2002 axlii,664,C-3 aExploration Application Psychology